Văn hóa dân gian dân tộc Hà Nhì

Na minha lista:
Detalhes bibliográficos
Autor principal: Chu Thùy Liên
Formato: Livro
Idioma:Vietnamese
Publicado em: H. Văn hóa Dân tộc 2009
Assuntos:
Tags: Adicionar Tag
Sem tags, seja o primeiro a adicionar uma tag!
Thư viện lưu trữ: Mạng thư viện Đại học Đà Nẵng
LEADER 00954aam a22003378a 4500
001 000007136
003 3297
005 20110926150941.0
008 110926s2009 viesd
020 |d 2000b 
041 0 |a vie 
082 1 4 |2 14  |a 398.209597  |b CH-L 
100 1 |a Chu Thùy Liên 
245 1 0 |a Văn hóa dân gian dân tộc Hà Nhì  |c Chu Thùy Liên 
260 |a H.  |b Văn hóa Dân tộc  |c 2009 
300 |a 355 tr.  |c 21cm. 
500 |a ĐTTS ghi: Hội Văn nghệ dân gian Việt Nam 
650 7 |2 Bộ TK TVQG  |a Văn học dân gian 
651 7 |2 Bộ TK TVQG  |a Việt Nam 
653 |a Văn hóa 
653 |a Hà Nhì 
655 7 |2 Bộ TK TVQG  |a Truyện cổ 
910 |a Huỳnh Thị Cẩm Lai  |d 26/09/2011 
OWN |a LSP 
999 |a From the UDN01 
TYP |a Monograph 
TYP |a Printed language 
980 |a Mạng thư viện Đại học Đà Nẵng